| 000 | 00701nam a2200217Ii 4500 | ||
|---|---|---|---|
| 003 | JO-AjNU | ||
| 008 | 230605s9999||||xx |||||||||||||| ||und|| | ||
| 017 | _a1982/975 | ||
| 040 |
_aJO-AjNU _bara _erda _cJO-AjNU |
||
| 041 | _aara | ||
| 050 | 1 | 4 | _aPJ7802.B27.I7 1982 |
| 100 | 3 |
_aتأليف العبادي،غازي, _eauthor _917116 |
|
| 245 | 0 | 0 | _aإيقاعات منتصف الليل |
| 264 | 3 | 1 | _aبغداد:وزارة الثقافة،1982 |
| 300 | _a231ص | ||
| 336 |
_atext _btxt _2rdacontent |
||
| 337 |
_aunmediated _bn _2rdamedia |
||
| 338 |
_avolume _bnc _2rdacarrier |
||
| 490 | 0 | _aسلسلة القصة والمسرحية (158) | |
| 650 | 4 |
_a القصص العربية - بغداد _917117 |
|
| 999 |
_aA5219 _c8787 _d8787 |
||